Geografija Srbije - Statistics

General Stats
  • This quiz has been taken 2 547 times
    2 497 since last reset
  • The average score is 9 of 15
Answer Stats
Question Answer % Correct
Koja je najzastupljenija religija u Srbiji? Pravoslavlje
95%
Autonomna pokrajina Vojvodina sastoji se od tri regiona. Koji nije među njima? Baranja
91%
Kakva je klima u Vojvodini? Kontinentalna
80%
Koliko Srbija broj stanovnika prema popisu iz 2022. godine? 6.69 miliona
77%
Koja planina je nekada bila ostrvo tokom postojanja Panonskog mora? Fruška Gora
75%
Kom slivu pripada praktično celokupna teritorija (92%) Srbije? Crnomorskom slivu
70%
Na kojoj se nalazi planini Midžor, najviši vrh u Srbiji (isključujući Kosovo)? Na Staroj planini
70%
U kojoj je regiji se nalazi Deliblatska peščara, najveća evropska kontinentalna peščara? Banat
65%
Koja reka je najveća pritoka Zapadne Morave? Ibar
63%
Kom planinskom sistemu pripada planina Zlatibor? Dinarskom
61%
Koje je najveće jezero u Srbiji? Đerdapsko jezero
54%
Koji je najveći nacionalni park u Srbiji? Đerdap
40%
Koja je najduža pećina u Srbiji? Lazareva pećina
20%
Sa kojom državom Srbija deli svoju najdužu granicu (370,9 km)? Sa Bosnom i Hercegovinom
10%
Nakon Dunava, koja je druga najduža reka u Srbiji? Tisa
6%
No matching quizzes found
Score Distribution
Percent of People with Each Score
Percentile by Number Answered
Your Score History
You have not taken this quiz since the last reset